Fundamentals of genetics (Record no. 396792)

MARC details
000 -LEADER
fixed length control field 00499 a2200205 4500
005 - DATE & TIME
control field 20260401102337.0
008 - FIXED-LENGTH DATA ELEMENTS--GENERAL INFORMATION
fixed length control field 260325b |||||||| |||| 00| 0 eng d
020 ## - ISBN
International Standard Book Number 9789393168368
Price Rs. 895.00
040 ## - CATALOGING SOURCE
Original cataloging agency VIVEKANANDA LIBRARY
082 ## - DDC NUMBER
Classification number 575.1
Book Number S64F(6)
100 ## - MAIN ENTRY--PERSONAL NAME
Personal name Singh, B D
245 ## - TITLE STATEMENT
Title Fundamentals of genetics
250 ## - EDITION STATEMENT
Edition statement 6th
260 ## - PUBLICATION, DISTRIBUTION, ETC. (IMPRINT)
Name of publisher, distributor, etc Medtech Science Press
Date of publication, distribution, etc 2026
Place of publication, distribution, etc New Delhi
300 ## - PHYSICAL DESCRIPTION
Pages xxx, 702
650 ## - Subject
Subject Genetics
650 ## - Subject
Subject Life Science
650 ## - Subject
Subject Biology
942 ## - ADDED ENTRY ELEMENTS (KOHA)
Koha item type Books
Holdings
Withdrawn status Lost status Source of classification or shelving scheme Damaged status Not for loan Location (home branch) Sublocation or collection (holding branch) Shelving location Date acquired Koha issues (times borrowed) Koha full call number Accession No. Koha date last seen Koha item type
    Dewey Decimal Classification     VIVEKANANDA LIBRARY VIVEKANANDA LIBRARY Vivekananda Library 18/02/2026   575.1 S64F(6) 438433 18/02/2026 Books
    Dewey Decimal Classification     VIVEKANANDA LIBRARY VIVEKANANDA LIBRARY Vivekananda Library 18/02/2026   575.1 S64F(6) 438432 18/02/2026 Books
    Dewey Decimal Classification     VIVEKANANDA LIBRARY VIVEKANANDA LIBRARY Vivekananda Library 18/02/2026   575.1 S64F(6) 438434 18/02/2026 Books
© Designed and Maintained by Vivekananda Library, MDU Rohtak